| 000 | 00516nam a2200169 a 4500 | ||
|---|---|---|---|
| 001 | 000029063 | ||
| 005 | 20200930055316.0 | ||
| 008 | 110413s1995 dr 000 0 spa d | ||
| 040 |
_aDO-SdBNP _bspa _cBNPHU |
||
| 082 |
_axxx _bR696m |
||
| 100 | 1 |
_aRodríguez, Angela, _d1939 _955967 |
|
| 245 | 1 | 0 |
_aMiremos el mundo más claro / _cAngela Rodríguez. |
| 260 |
_aSanto Domingo : _bBúho, _c1995. |
||
| 300 |
_a40 p. ; _c22 cm. |
||
| 500 | _aIncluye datos biográficos de la autora en la contracubierta. | ||
| 049 | _aBNPD | ||
| 999 |
_c28555 _d28555 |
||